000
00331nam a2200133Ia 4500
008
210312s9999||||xx |||||||||||||| ||und||
041
_a
osm
050
_a
PL245
050
_b
A3.D35
100
_a
Adıvar, Halide Edip
245
0
_a
Dağa çıkan kurt
260
_c
1338-1340
650
_a
Edebiyat--Türk edebiyatı--Roman ve hikaye
999
_c
22245
_d
22245